000 00764nam a2200253Ia 4500
003 GCL
008 140319s9999 xx 000 0 ara d
040 _aGCL /
_cGCL
082 0 4 _aق
_b579.40932
_bف ا
100 1 _aماهر جويجاتى
245 1 0 _aالمومياوات المصرية من الموت الى الخلود /
_cماهر جويجاتى
700 1 _aدونان، فرانسواز
700 1 _aليشتنبرج، روجية
300 _a134 ص
490 _a
650 0 4 _aالمقابر
650 0 4 _aالموت
650 0 4 _aالاثار الفرعونية
650 0 4 _aالتحنيط عند الفراعنة
650 0 4 _aالمومياءات
650 0 4 _aالميت دفن
650 0 4 _aالتحنيط
942 _2ddc
_cBK
999 _c47864
_d47864